|
|
|
|
| LEADER |
00000nab a2200000 a 4500 |
| 001 |
vtls009311276 |
| 003 |
SK-MaSNL |
| 005 |
20260304171628.0 |
| 008 |
250506c2008 xo |||||||||||000 b|slo |
| 015 |
|
|
|a SNBRB2008/07
|2 snkbucl
|
| 035 |
|
|
|a urn:nbn:sk:snk-ab7uud
|
| 035 |
|
|
|a (urnnbn)urn:nbn:sk:snk:ar-0041hi
|
| 035 |
|
|
|a (uuid)08e3a331-4e32-48ea-8bf8-0be64abdd7b6
|
| 038 |
|
|
|a SNKBUCL
|
| 040 |
|
|
|a SNKBUCL
|b slo
|c SNKBUCL
|e AACR2
|
| 041 |
0 |
|
|a slo
|
| 044 |
|
|
|a xo
|c SK
|
| 080 |
|
|
|a 354.61:355.1-057.36-057.75
|x (437.6)
|2 2001
|
| 080 |
|
|
|a 355.1-057.36-057.75
|2 2001
|
| 100 |
1 |
|
|a Mocková, Viera
|4 aut
|9 482786
|
| 245 |
1 |
0 |
|a Veteráni
|c Viera Mocková
|
| 300 |
|
|
|b Fotogr.
|
| 610 |
1 |
7 |
|a Slovensko.
|b Ministerstvo obrany
|2 snkbucl
|9 114952
|
| 650 |
0 |
7 |
|a vojnoví veteráni
|2 snkbucl
|9 90923
|
| 650 |
0 |
7 |
|a starostlivosť o vojnových veteránov
|2 snkbucl
|9 99468
|
| 773 |
0 |
|
|t Obrana
|g Roč. 16, č. 6 (2008), s. 43
|x 1336-2910
|
| 850 |
|
|
|a Slovenská národná knižnica
|
| 852 |
|
|
|a Slovenská národná knižnica
|
| 954 |
|
|
|a odborná, vedecká literatúra pôvodná (slovenská)
|2 lita
|
| 958 |
|
|
|a article9
|
| 958 |
|
|
|a OND
|
| 958 |
|
|
|a SK
|
| 958 |
|
|
|a EUIPO
|
| 999 |
|
|
|c 2994513
|d 2996443
|